Đạo giáo với văn hóa Việt Nam

Сохранить в:
Библиографические подробности
Главный автор: Nguyễn Đăng Duy
Формат:
Язык:Undetermined
Опубликовано: Hà Nội Nxb. Hà Nội 2001
Предметы:
Метки: Добавить метку
Нет меток, Требуется 1-ая метка записи!
Thư viện lưu trữ: Trung tâm Học liệu Trường Đại học Cần Thơ
LEADER 00588nam a2200193Ia 4500
001 CTU_42907
008 210402s9999 xx 000 0 und d
020 |b 24.000đ 
082 |a 305.89597 
082 |b D523 
100 |a Nguyễn Đăng Duy 
245 0 |a Đạo giáo với văn hóa Việt Nam 
245 0 |c Nguyễn Đăng Duy 
260 |a Hà Nội 
260 |b Nxb. Hà Nội 
260 |c 2001 
650 |a gods, vietnamese,vietnam - cilivization 
904 |i Nguyễn Quang Điền, 010813 
980 |a Trung tâm Học liệu Trường Đại học Cần Thơ